[Event "Sant Andreu Tram-D"]
[Site "Barcelona"]
[Date "2019.11.09"]
[Round "7.2"]
[White "Segura Alonso, Jordi"]
[Black "Fontela Hidalgo, Victor"]
[Result "0-1"]
[WhiteElo "1688"]
[BlackElo "1562"]
[PlyCount "36"]
[EventDate "2019.09.14"]
[EventType "tourn"]
[EventRounds "9"]
[EventCountry "ESP"]
[SourceTitle "EXT 2024"]
[Source "ChessBase"]
[SourceDate "2023.10.10"]
[SourceVersion "1"]
[SourceVersionDate "2023.10.10"]
[SourceQuality "1"]

1. e4 c5 2. Nf3 d6 3. d4 cxd4 4. Nxd4 Nf6 5. Nc3 g6 6. Be2 Bg7 7. 0-0 Nc6 8. Be3 0-0 9. h3 Bd7 10. Qd2 Rc8 11. Nf3 Qa5 12. Bh6 Nxe4 13. Nxe4 Qxd2 14. Nexd2 Bxh6 15. Ne4 Bf5 16. Bd3 Nb4 17. Rfc1 Bxc1 18. Rxc1 Nxd3 0-1